000 01636nam a2200205 4500
999 _c3422
_d3422
020 _a9780072855586
050 _aHG4521
_b.B563
100 _aZvi Bodie
245 _aEssentials of investments
_cZvi Bodie; Alex Kane; Alan J Marcus
250 _a 5th ed
260 _aBoston :
_b McGraw-Hill/Irwin,
_c©2004.
300 _aXXXI, 765,
_bill;
_c26 cm
_e14 S graph. Darst
440 _aMcGraw-Hill/Irwin series in finance, insurance, and real estate.
500 _aIncludes index
505 _aPart 1. Elements of Investments -- 1. Investments: Background and Issues -- 2. Asset Classes and Financial Instruments -- 3. How Securities are Traded -- 4. Mutual Funds and Other Investment Companies -- Part 2. Portfolio Theory -- 5. Risk and Return: Past and Prologue -- 6. Efficient Diversification -- 7. Capital Asset Pricing and Arbitrage Pricing Theory -- 8. Market Efficiency 9- Behavioral Finance and Technical Analysis -- Part 3. Debt Securities -- 10. Bond Prices and Yields -- 11. Managing Bond Portfolios -- Part 4. Security Analysis -- 12. Macroeconomic and Industry Analysis -- 13. Equity Valuation -- 14. Financial Statement Analysis -- Part 5. Derivative Markets -- 15. Options Markets -- 16. Option Valuation -- 17. Futures Markets and Risk Management -- Part 6. Active Investment Management -- 18. Globalization and International Investing -- 19. Performance Evaluation and Active Portfolio Management -- 20. Taxes, Inflation, and Investment Strategy -- 21. Investors and the Investment Process.
650 _aInvestments.
700 _aAlex Kane;
710 _aAlan J Marcus
942 _cBK